000 00756nas a2200253 4500
001 BR8702887
003 BR-BrBNA
005 20231205090651.0
007 ta
008 230509b bl.|||p| |||| 00| 00por d
040 _aBR-BrBNA
_bpor
_cBiblioteca Nacional de Agricultura
041 _a(Pt)
072 _aH10
100 1 _aPenteado, S.R.
245 1 _aPragas da macieira e o seu controle [pulgao, acaro, cochonilha, mariposa oriental, mosca das frutas]
650 _aMACA
650 _aPULGAO
650 _aCOCHONILHA
650 _aMARIPOSA ORIENTAL
650 _aMOSCA DAS FRUTAS
773 0 _tToda Fruta (Brazil)
_xISSN 0102-7166
_g(Dec 1986), v. 1(8) p. 18-20
_wBR8702887
909 _a202311
_bLúcia
_c55
_dLúcia Elande
942 _2AGRIS
_n0
_cANA
999 _c120125
_d120125